| 000 | 01030nam0a22003131 4500 | ||
|---|---|---|---|
| 001 | v19\rc\1799631 | ||
| 005 | 20250619122120.0 | ||
| 035 | _a(NLR Aleph) 004901081 | ||
| 090 |
_a5375301 _c5375301 |
||
| 100 | _a20071130d1907 |||y0rusy50 ca | ||
| 101 | 0 | _arus | |
| 102 | _aRU | ||
| 105 | _aa z ||||| | ||
| 200 | 1 |
_aКавказские наброски _eИз воспоминаний рус. офицера об армяно-татар. столкновениях _fВладимир Вадин |
|
| 210 |
_aСанкт-Петербург _cС.-АНИ _d1907 |
||
| 215 |
_a32 с. _cил. _d13 |
||
| 300 | _aНа тит. л. номер изд.: № 2 | ||
| 300 | _aНа обл. авт. не указан | ||
| 700 | 1 |
_aВадин _bВ. _gВладимир |
|
| 801 | 0 |
_aRU _bNLR _gpsbo |
|
| 801 | 0 |
_aRU _bRuMoRGB _2psbo |
|
| 801 | 1 |
_aRU _bProSoft-M _2rusmarc |
|
| 852 |
_aNLR _j34.84.3.368 |
||
| 852 |
_aNLR _bМф _jК1/13018 |
||
| 899 |
_aRuMoRGB _jA 180/609 |
||
| 899 | _aБАН | ||
| 899 | _aГПИБ | ||
| 942 | _cBOOK | ||
| 980 | _aNB | ||